000 00904nam a22002657a 4500
001 000586
003 DO-SdBNP
005 20180130155536.0
007 000586
008 161020b 1999 sp a ||||| |||| 00| 0 spa d
020 _a8422681560
040 _aBPMSU
_bspa
_cBPMSU
082 _axxxx
_bxxxx
100 1 _aBrezina, Thomas,
_d1963-
240 _aDas Geheimnis der grünen Geisterbahn.
_lEspañol.
245 1 0 _aEl misterio del tren fantasma /
_cThomas Brezina ; ilustraciones de Bernhard Förth ; traducción del alemán, Isabel Cano.
260 _aBarcelona,
_bCírculo de Lectores,
_c1999.
300 _a124 p. :
_bil. ;
_c20 cm.
490 1 _aTodos mis monstruos.
500 _aTraducción de: Das Geheimnis der grünen Geisterbahn.
830 0 _aTodos mis monstruos.
942 _2ddc
_cBK
945 _aInventariado, 2018/ YL
956 _2LOPEREZ
_310
_620161021
_8BPMSU
_a00041
999 _c11646
_d11646